Sursaut (Le)
<< Retourner aux résultats de la recherche
| Auteur principal : | Jean-Pierre Pécau |
|---|---|
| Autres auteurs : | Jovan Ukropina |
| Autres auteurs : | Tanja Cinna |
| Titre : | Sursaut (Le) |
| Support : | Livres |
| Langue : | Francais |
| Publié : |
2016 Soleil Toulon |
| Series : |
1940, et si la France avait continué la guerre |
| Genre : |
Bande dessinée (ados-adultes) |
| Collection : |
Aventure |
| Sujets : | |
| Étiquettes : |
Pas de tags
|
| LEADER | 01060nam0a2200253 450 | ||
|---|---|---|---|
| 001 | 16866968 | ||
| 010 | |a 978-2-302-05185-0 |b cart. |d 14,95 | ||
| 100 | |a 20160616d2016 u u0frey01 ba | ||
| 101 | 0 | |a fre | |
| 102 | |a FR | ||
| 200 | 0 | |a Sursaut (Le) |f scénario Pécau |g dessin Ukropina - couleurs Tanja Cinna | |
| 207 | 1 | |a | |
| 210 | |a Toulon |c Soleil |d 2016 | ||
| 215 | |a 1 vol. (48 p.) |c illustrations en couleur |d 33 x 24 cm | ||
| 225 | 1 | |a Aventure | |
| 300 | |a Coup de coeur | ||
| 330 | |a Tomaison. Jules est descendu au-dessus de l'Auvergne, Yvon se rend à Toulon et Marianne se retrouve à Toulouse. Elle rêve de former un corps de pilotes de chasse féminin, ce qu'elle parvient à faire en Algérie. | ||
| 461 | 0 | |t 1940, et si la France avait continué la guerre |v 02 | |
| 700 | 0 | |a Pécau |b Jean-Pierre |4 70 | |
| 701 | 0 | |a Ukropina |b Jovan |4 440 | |
| 702 | 0 | |a Cinna |b Tanja |4 410 | |
| 900 | |a Bande dessinée (ados-adultes) | ||
| 901 | |a Adultes | ||
| 995 | |a Médiathèque |c Médiathèque |f 00156008792293 |h 00156008792293 |k BDJ PEC MIL 2 |o p |q a |r az |e Médiathèque | ||